Responses for Show #6927 - Tuesday, October 28, 2014

Contestants

[<< previous game]

Jenica Jessen, a student and writer from Riverton, Utah

Michael Wille, a delivery driver manager from Washington, D.C.

Bill Albertini, a professor of English from Toledo, Ohio (whose 1-day cash winnings total $19,550)

[next game >>]

Jeopardy! Round responses

COMMANDER & CHEF
(Alex: Not "chief".)
MALL SHOPS
FROM THE SPANISH
OSCAR SONGS IN OTHER WORDS
ON THE ROAD AGAIN
ANTISOCIAL SCIENCE
    $200 19
Laura Bush

Bill
    $200 22
LensCrafters

Jenica
    $200 2
a flotilla

Jenica
    $200 11
"Somewhere Over The Rainbow"

Michael
    $200 16
the Oregon Trail

Michael
    $200 1
soccer

Michael
    $400 23
LBJ (Lyndon Baines Johnson)

Jenica
    $400 27
Coach

Bill
    $400 3
(Jenica: What is stucco?)

adobe

BillJenica
    $400 12
"Moon River"

Jenica
    $400 17
Beale Street

Bill
    $400 4
a sociopath

Jenica
    $600 24
the Carters

Michael
    $600 28
[The end-of-round signal sounds.]

H&M

Bill
    $600 5
a flamingo

Bill
    $600 13
"My Heart Will Go On"

Jenica
    $600 18
Key West

Jenica
    $600 6
survivalism

Triple Stumper
    $800 25
(Jenica: Who was George H.W. Bush?)
...
(Alex: You are right, with less than a minute to go.)

Bill Clinton

MichaelJenica
    $800 8
garbanzo beans

Jenica
    $800 14
[Laughter]
(Alex: Jeopardy! is changing; it's changing.)
(Bill: I'm trying to keep up.)

"It's Hard Out Here For A Pimp"

Bill
    $800 20
Broadway

Bill
    $800 7
remorse

Michael
    $1000 26
(Michael: Who is George H.W. Bush?)
(Bill: Who is George W. Bush?)
...
(Alex: You had to go back further to [*]; they thought it was a heart attack at first.)

Dwight David Eisenhower

BillMichael
Triple Stumper
    $1000 9
a caldera

Jenica
    $1000 15
"Streets Of Philadelphia"

Bill
    $1000 21
the Burma Road

Triple Stumper
    $2,000 10
white collar

Jenica

Scores at the first commercial break (after clue 15):

Bill Michael Jenica
$2,800 $1,200 $5,000

Scores at the end of the Jeopardy! Round:

Bill Michael Jenica
$4,200 $1,800 $5,400

Double Jeopardy! Round responses

JUST SIT RIGHT BACK
& YOU'LL HEAR A TALE
A FATEFUL "TRIP"
THAT STARTED FROM THIS TROPIC PORT
ABOARD THIS TINY SHIP
GILLIGAN!
    $400 22
(Jenica: What is a car seat?)

a high chair

MichaelJenica
    $400 12
"The Raven"

Michael
    $400 1
a strip search

Jenica
    $400 2
Puerto Rico

Michael
    $400 19
a punt

Jenica
    $400 7
Walter White

Michael
    $800 23
(Alex: He was famous for being photographed in [*].)

a rocking chair

Triple Stumper
    $800 13
Keith Richards

Bill
    $800 3
the Triple Crown

Jenica
    $800 17
the Virgin Islands

Jenica
    $800 8
The X-Files

Michael
    $3,000 24
(Michael: What is a... scythe?)
...
(Alex: No. "What is [*]?" They were very famous for hot-air balloons. Less than a minute to go now, Michael.)

a balloon

Michael
    $1200 14
Jonathan Swift

Bill
    $1200 4
a trip wire

Jenica
    $1200 18
(Jenica: What is... Santo Domingo?)
(Michael: What is Haiti?)

the Dominican Republic

BillMichaelJenica
    $1200 9
Drew Barrymore

Bill
    $1600 25
Saarinen

Jenica
    $1600 15
Mitch Albom

Michael
    $1600 5
a guilt trip

Michael
    $3,000 20
(Jenica: What are the... Turks and Carsonos?)
...
(Alex: Oh, gosh. You're on the right track. It's [*]. So it cost you a bit. Pick again.)

the Turks and Caicos

Jenica
    $1600 28
[The end-of-round signal sounds.]

lifeboats

Jenica
    $1600 10
(Alex: How quickly you have forgotten [*].)

Hancock

Triple Stumper
    $2000 26
William Hogarth

Triple Stumper
    $2000 16
Thomas Pynchon

Triple Stumper
    $2000 6
centripetal force

Michael
    $2000 21
Barbados

Triple Stumper
    $2000 27
[Alex reads "FF" as "double 'F'".]

a skiff

Jenica
    $2000 11
Comic-Con

Bill

Scores at the end of the Double Jeopardy! Round:

Bill Michael Jenica
$10,600 $5,200 $9,600

[wagering suggestions for these scores]

Final Jeopardy! Round responses

THE BIBLE
(Alex: [To Michael] Sorry. They didn't talk to each other.)
MichaelWho are Adam + Eve?
$4,800
JenicaWho are Eve and Satan?
$9,600
BillWho are Eve & the Serpent?
$8,600
Eve & the Serpent (or Satan)

Final scores:

Bill Michael Jenica
$19,200 $400 $19,200
2-day co-champion: $38,750 2nd place: $2,000 New co-champion: $19,200

Game dynamics:

Coryat scores:

Bill Michael Jenica
$10,600 $8,200 $11,600
14 R,
1 W
14 R,
3 W
(including 1 DD)
18 R
(including 1 DD),
5 W
(including 1 DD)

Combined Coryat: $30,400

[game] [game scores] [suggest correction]

Game tape date: 2014-08-12
The J! Archive is created by fans, for fans. Scraping, republication, monetization, and malicious use prohibited; this site may use cookies and collect identifying information. See terms. The Jeopardy! game show and all elements thereof, including but not limited to copyright and trademark thereto, are the property of Jeopardy Productions, Inc. and are protected under law. This website is not affiliated with, sponsored by, or operated by Jeopardy Productions, Inc. Join the discussion at JBoard.tv.